ՀՀ Գիտությունների ազգային ակադեմիայի հիմնարար գիտական գրադարան  =   Fundamental Scientific Library of NAS RA

«Թումանյան և Տերյան» պրոբլեմի շուրջը / (Record no. 540470)

MARC details
000 -LEADER
fixed length control field 01272nam a2200241 a 4500
001 - CONTROL NUMBER
control field 2046612
003 - CONTROL NUMBER IDENTIFIER
control field AM-YEHGA
005 - DATE AND TIME OF LATEST TRANSACTION
control field 20260408141723.0
008 - FIXED-LENGTH DATA ELEMENTS--GENERAL INFORMATION
fixed length control field 260123s1970 ai |||gr|||| 000|0|arm d
040 ## - CATALOGING SOURCE
Original cataloging agency AM-YEHGA
041 0# - LANGUAGE CODE
Language code of text/sound track or separate title arm
100 1# - MAIN ENTRY--PERSONAL NAME
Personal name Պարտիզունի, Վաչե Զոհրաբի,
Dates associated with a name 1915-1997
9 (RLIN) 2766
245 11 - TITLE STATEMENT
Title «Թումանյան և Տերյան» պրոբլեմի շուրջը /
Statement of responsibility, etc. Պրոֆ․ Վ․Զ․ Պարտիզունի ; Հայկական ՍՍՌ Գիտությունների ակադեմիա.
260 ## - PUBLICATION, DISTRIBUTION, ETC.
Place of publication, distribution, etc. Երևան :
Name of publisher, distributor, etc. Հայկական ՍՍՀ ԳԱ հրատ.,
Date of publication, distribution, etc. 1970.
300 ## - PHYSICAL DESCRIPTION
Extent էջ 137-158 ;
Dimensions 25 սմ.
500 ## - GENERAL NOTE
General note Առանձնատիպ Հայկական ՍՍՌ Գիտությունների ակադեմիայի «Պատմա-բանասիրական հանդես»-ից, № 2 (49), 1970 թ.:
504 ## - BIBLIOGRAPHY, ETC. NOTE
Bibliography, etc. note Մատենագիտ. տողատ. ծանոթ.
600 14 - SUBJECT ADDED ENTRY--PERSONAL NAME
Personal name Թումանյան, Հովհաննես Թադևոսի,
Dates associated with a name 1869-1923
9 (RLIN) 1108
600 14 - SUBJECT ADDED ENTRY--PERSONAL NAME
Personal name Տերյան, Վահան Սուքիասի,
Dates associated with a name 1885-1920
9 (RLIN) 1686
650 14 - SUBJECT ADDED ENTRY--TOPICAL TERM
Topical term or geographic name entry element Հայ գրականություն
Form subdivision Բանավեճեր և քննարկումներ
General subdivision Առանձնատիպ
710 2# - ADDED ENTRY--CORPORATE NAME
Corporate name or jurisdiction name as entry element Հայկական ՍՍՌ Գիտությունների ակադեմիա
942 ## - ADDED ENTRY ELEMENTS (KOHA)
Source of classification or shelving scheme Universal Decimal Classification
Koha item type Գրքեր / Books
Holdings
Withdrawn status Lost status Source of classification or shelving scheme Damaged status Not for loan Collection Home library Current library Date acquired Total checkouts Full call number Barcode Date last seen Price effective from Koha item type Public note
    Universal Decimal Classification     Gharibyan individual Collection Fundamental Scientific Library Fundamental Scientific Library 23/01/2026   Ղար/652 FL0702861 23/01/2026 23/01/2026 Գրքեր / Books ILL Non-Circ.


ՀՀ ԳԱԱ հիմնարար գիտական գրադարան
ՀՀ,Երևան 0019
Մարշալ Բաղրամյան 24/6
հեռախոս:(374-10) 52-47-50
Հետադարձ կապ

All site content, except where otherwise noted, is licensed under a
Creative Commons License